| 000 | 00611nam a2200217Ia 4500 | ||
|---|---|---|---|
| 005 | 20260429111853.0 | ||
| 008 | 260429s9999||||xx |||||||||||||| ||und|| | ||
| 020 | _a9781032073163 | ||
| 041 | _aEnglish | ||
| 082 |
_a515.353 _bWON |
||
| 100 | _aWong, M.W. | ||
| 245 | 0 |
_aPartial differential equations : _btopics in Fourier analysis / _cM.W. Wong |
|
| 250 | _a2nd ed. | ||
| 260 |
_aBoca Raton : _bCRC Press, _c2023. |
||
| 300 | _aix, 197 p.; hb | ||
| 650 | _a Fourier analysis | ||
| 650 | _a Mathematical analysis | ||
| 650 | _a Partial differential equations | ||
| 650 | _aMathematics | ||
| 942 | _cTB | ||
| 999 |
_c51216 _d51216 |
||